1702 1273 1937 1006 1266 1034 1146 1140 1525 1632 1243 1143 1321 1345 1111 1959 1628 1403 1842 1156 1874 1413 1194 1206 1282 1778 1077 1735 1970 1791 1905 1893 1982 1096 1707 1932 1442 1599 1899 1356 1645 1707 1055 1120 1521 1104 1661 1959 1294 1466 1307 1580 1743 1386 1986 1823 1876 1352 1971 1956 1384 1918 1058 1687 1931 1353 1551 1987 1113 1935 1114 1730 1286 1922 1555 1749 1937 1984 1542 1347 1823 1711 1635 1667 1070 1847 1360 1175 1659 1904 1973 1152 1318 1905 1807 1333 1954 1003 1741 BCNSPRNW ULIB Ver.6.0+V

เปลี่ยนเป็นภาษาไทย

Change to English
 แสดงรายละเอียดบรรณานุกรม
  กลับหน้าหลัก

Brief Record : Get Marc (ISO 2709) : E-mail record : QR code < ปิดหน้าต่าง
LEADER : 00000nam 2200000uu 4500
001    13399113967
003     ULIB
008    110204s||||||||th 000 0 tha d
020    9789743483110
060  4 WY18.2^bพ953ท
110 1  เพื่อนช่วยจำ
245 00 ทบทวนการพยาบาลสุขภาพจิตและจิตเวช M&PNR=^bMental Health & Psychiatric Nursing Review/^cเพื่อนช่วยจำ
246 0  Mental Health & Psychiatric Nursing Review
260    กรุงเทพฯ:^bเพื่อนช่วยจำ,^c2554
300    224 หน้า
650  7 การพยาบาลสุขภาพจิต^xข้อสอบ
650  7 การพยาบาลจิตเวช^xข้อสอบ
710 1  เพื่อนช่วยจำ
945    ^p199^l0^i030978
945    ^p199^l0^i030979
945    ^p199^l0^i030980
945    ^p199^l0^i031260
945    ^p199^l0^i031261
945    ^p199^l0^i031262
945    ^p199^l0^i031263
945    ^p199^l0^i031264
945    ^p199^l0^i031265
945    ^p199^l0^i031266
945    ^p199^l0^i031267
945    ^p199^l0^i031268
945    ^p199^l0^i031269
945    ^p199^l0^i031270
945    ^p199^l0^i031271
945    ^p199^l0^i032277
945    ^p199^l0^i032278
945    ^p199^l0^i032279
945    ^p199^l0^i032280
945    ^p199^l0^i032281
945    ^p199^l0^i032282
945    ^p199^l0^i032283
945    ^p199^l0^i032284
945    ^p199^l0^i032285
945    ^p199^l0^i032286
945    ^p199^l0^i032287
945    ^p199^l0^i032288
945    ^p199^l0^i032289
995    ทศพร
999 ^a ใช้งานได้ทุกระบบ
รายการนี้ยังไม่มีแท็ก
คุณยังไม่ได้ล็อกอิน คุณสามารถมีกิจกรรมร่วมกับเว็บไซต์ได้ แต่ต้องล็อกอินก่อน ::
  ล็อกอิน

รายการสื่อสารสนเทศ

ลำดับที่ ประเภท เลขเรียก/บาร์โค้ด สถานที่ สถานะ
- ไม่พบข้อมูล -

BibComment


ยังไม่เคยถูกคอมเมนท์

คอมเมนท์ทรัพยากรรายการนี้
  คอมเมนท์: ทบทวนการพยาบาลสุข..


 Copyright 2026. Bcnsprnw @Library